000
00313nam a22001337a 4500
008
170412b xxu||||| |||| 00| 0 eng d
020
_a
x0007oy14v
041
_a
eng
080
_a
612.39
100
_a
10
101
_a
SHM
245
_a
ASSESSMENT AND PLANNING IN HEALTH PROGRAMS
_c
HODGES, B,C
942
_2
udc
_c
BK
999
_c
10464
_d
10464